Amazing grace / (Record no. 5080)

MARC details
000 -LEADER
fixed length control field 00971nam a22003017a 4500
001 - CONTROL NUMBER
control field 5080
003 - CONTROL NUMBER IDENTIFIER
control field FISKH
005 - DATE AND TIME OF LATEST TRANSACTION
control field 20241105101543.0
008 - FIXED-LENGTH DATA ELEMENTS--GENERAL INFORMATION
fixed length control field 241105b cb ||||| |||| 00| 0 eng d
020 ## - INTERNATIONAL STANDARD BOOK NUMBER
International Standard Book Number 9780590460095
040 ## - CATALOGING SOURCE
Original cataloging agency FISKH
Language of cataloging eng
Transcribing agency FISKH
Modifying agency FISKH
050 ## - LIBRARY OF CONGRESS CALL NUMBER
Classification number PZ7.H67562
082 ## - DEWEY DECIMAL CLASSIFICATION NUMBER
Classification number 823.914
100 ## - MAIN ENTRY--PERSONAL NAME
Personal name Hoffman, Mary
Dates associated with a name (1945-)
245 ## - TITLE STATEMENT
Title Amazing grace /
Statement of responsibility, etc. by Mary Hoffman pictures by Caroline Binch
250 ## - EDITION STATEMENT
Edition statement First printing in 1993
260 ## - PUBLICATION, DISTRIBUTION, ETC.
Place of publication, distribution, etc. New York :
Name of publisher, distributor, etc. Scholastic,
Date of publication, distribution, etc. 1991.
300 ## - PHYSICAL DESCRIPTION
Extent 24 pages :
Other physical details Color illustration ;
Dimensions 27 cm
505 ## - FORMATTED CONTENTS NOTE
Formatted contents note R<br/>
520 ## - SUMMARY, ETC.
Summary, etc. Although a classmate says that she cannot play Peter Pan in the school play because she is black, Grace discovers that she can do anything she sets her mind to do.
521 8# - TARGET AUDIENCE NOTE
Target audience note 680L<br/>
Source Lexile<br/>
521 8# - TARGET AUDIENCE NOTE
Target audience note R<br/>
Source Raz-Plus<br/>
650 ## - SUBJECT ADDED ENTRY--TOPICAL TERM
Source of heading or term Drama
Topical term or geographic name entry element Classroom life
650 ## - SUBJECT ADDED ENTRY--TOPICAL TERM
Source of heading or term Family
700 ## - ADDED ENTRY--PERSONAL NAME
Personal name Binch, Caroline
Dates associated with a name Illustrator
942 ## - ADDED ENTRY ELEMENTS (KOHA)
Source of classification or shelving scheme Dewey Decimal Classification
Koha item type Books
Suppress in OPAC No
Holdings
Withdrawn status Lost status Source of classification or shelving scheme Damaged status Not for loan Collection Home library Current library Shelving location Date acquired Total Checkouts Full call number Barcode Date last seen Copy number Price effective from Koha item type
    Dewey Decimal Classification     Fiction Footprints International School Library Network Toul Kork Campus Footprints International School Library Network Toul Kork Campus TK Primary Library Room(4th Floor), Bookcase 5&6, Shelves 33-56, Orange Books 11/05/2024   HOF 823.914 PZ7.H67562 FISTK01839 11/05/2024 1 11/05/2024 Books
    Dewey Decimal Classification     Fiction Footprints International School Library Network Toul Tom Poung Campus Footprints International School Library Network Toul Tom Poung Campus TTP Primary Orange Bookshelves 08/01/2025   HOF 823.914 PZ7.H67562 FIS01928 08/01/2025 2 08/01/2025 Books